Kể chuyện Shakespeare

שמור ב:
מידע ביבליוגרפי
מחבר ראשי: Vũ Đình Phòng
פורמט: ספר
שפה:Undetermined
יצא לאור: Hà Nội Thanh Niên 1984
נושאים:
תגים: הוספת תג
אין תגיות, היה/י הראשונ/ה לתייג את הרשומה!
Thư viện lưu trữ: Trung tâm Học liệu Trường Đại học Cần Thơ
LEADER 00458nam a2200169Ia 4500
001 CTU_13897
008 210402s9999 xx 000 0 und d
082 |a 895.9223 
082 |b Ph431 
100 |a Vũ Đình Phòng 
245 0 |a Kể chuyện Shakespeare 
245 0 |c Vũ Đình Phòng 
260 |a Hà Nội 
260 |b Thanh Niên 
260 |c 1984 
650 |a shakespeare 
980 |a Trung tâm Học liệu Trường Đại học Cần Thơ